000 00611nam a22002177a 4500
003 UA-OsUOA
001 69704
007 ta
008 20100705b un ||||| |||| 00| 0 ukr d
100 _aЗварич І.
090 _a32
_bЗ-42
942 _cSA
040 _aUA-OsUOA
_bukr
_cUA-OsUOA
_dUA-OsUOA
245 _aРегіональні особливості етнополітичних процесів: електоральний контекст
300 _aС.9-11
955 _a0
041 _aukr
080 _a32
773 0 _w69700
_tВіче
_dК.
_d2010
_g12
650 7 _a32 Політика
_2UDC
999 _c356090
_d356090